Σχεδιασμός οικολογικού δικτύου σε κλίμακα νομού : εφαρμογή στο νομού Σερρών : πτυχιακή εργασία
Αποθηκεύτηκε σε:
| Κύριος συγγραφέας: | |
|---|---|
| Συγγραφή απο Οργανισμό/Αρχή: | |
| Άλλοι συγγραφείς: | |
| Μορφή: | Thesis Βιβλίο |
| Γλώσσα: | Greek |
| Δημοσίευση: |
1996.
|
| Θέματα: | |
| Διαθέσιμο Online: | http://hdl.handle.net/11610/9982 |
| Ετικέτες: |
Προσθήκη ετικέτας
Δεν υπάρχουν, Καταχωρήστε ετικέτα πρώτοι!
|
MARC
| LEADER | 00000cam a2200000 i 4500 | ||
|---|---|---|---|
| 001 | 1/5794 | ||
| 008 | 000608s1996 gre d | ||
| 035 | |l 10061710 | ||
| 040 | |a GR-MY-UA |b gre |e aacr | ||
| 041 | 0 | |a gre | |
| 082 | 0 | |a 577.2 |2 (22) | |
| 100 | 1 | |a Μπάκα, Κωνσταντίνα. | |
| 245 | 1 | 0 | |a Σχεδιασμός οικολογικού δικτύου σε κλίμακα νομού : |b εφαρμογή στο νομού Σερρών : πτυχιακή εργασία / |c Μπάκα Κωνσταντίνα ; υπεύθυνος καθηγητής: Α. Ι. Τρούμπης |
| 260 | |c 1996. | ||
| 300 | |a 122 σ.; |b πιν., χάρτες; |c 30 εκ. | ||
| 500 | |a Επιτροπή: Α. Ι. Τρούμπης, Ν. Μάργαρης, Τ. Ακριώτης | ||
| 502 | |a Πτυχιακή εργασία – Πανεπιστήμιο Αιγαίου, Λέσβος, 1996. | ||
| 504 | |a Περιέχει παραρτήματα και βιβλιογραφία | ||
| 650 | 0 | |a Ecological surveys |z Greece |z Serrai (Nome) | |
| 650 | 0 | |a Wildlife management areas |z Greece |z Serrai (Nome) | |
| 650 | 0 | |a Protected areas |z Greece |z Serrai (Nome) | |
| 650 | 0 | |a Environmental protection |z Greece |z Serrai (Nome) | |
| 650 | 0 | 0 | |a Dissertations, Academic |z Greece. |
| 700 | 1 | |a Τρούμπης, Ανδρέας. |4 ths | |
| 710 | 2 | |a Πανεπιστήμιο Αιγαίου. |b Σχολή Περιβάλλοντος. |b Τμήμα Περιβάλλοντος. | |
| 852 | |a INST |b LESVOS |c DIATR |e 20000608 |h 323 |p 005100026019 |q 005100026019 |t DIE |y 23 | ||
| 852 | |a INST |b LESVOS |c DIATR |e 20000608 |h 324 |p 005100026020 |q 005100026020 |t DIE |y 23 | ||
| 856 | |u http://hdl.handle.net/11610/9982 | ||
| 901 | |a BIBL1-2000-2 | ||
| 909 | |a Λ |b 080336 | ||
| 909 | |a Λ |b 080337 | ||
| 924 | |a ΜΠΑΚΑ |b ΚΩΝΣΤΑΝΤΙΝΑ |y ΛΕΣΒΟΣ |z 1996-08 | ||
| 970 | |a ΑΙΒΑΤΖΙΔΟΥ |b ΕΛΕΝΗ |z 2000/06/08 | ||